Top 10 des pays les plus fertiles du monde - Statistiques

Statistiques générales
  • Ce quiz a été pris 55 fois
  • Le résultat moyen est 5 sur 10
Statistiques - réponses
Taux de fertilité Pays % Correct
6.1 République démocratique du Congo
86%
6.1 Niger
82%
5.6 Mali
59%
6.1 Somalie
53%
6.1 Tchad
53%
5.1 Angola
45%
4.8 Mozambique
45%
6.0 République Centrafricaine
45%
4.9 Burundi
35%
4.8 Afghanistan
31%
Aucun quiz correspondant
Distribution des résultats
% des personnes avec chaque résultat
Percentile par nombre de réponses
Votre historique - résultats
Vous n’avez pas pris ce quiz